000 00777nam a2200241Ia 4500
003 OSt
005 20220923212437.0
006 a|||||r|||| 00| 0
007 ta
008 220922b |||||||| |||| 00| 0 hin d
024 _a153,016
037 _cTextual
040 _aARTS
_cARTS
_bhin
041 _2hin
_ahin
082 _aNR44, 152M8
100 _aवर्मा, केशव चन्द्र
245 0 _aकोशिश संगीत समझने की
246 _aKoshish sangīt samazane kī
260 _aइलाहाबाद
_b प्रदीपन प्रकाशन
_c1988
300 _a196 पृ.
_ccm.
942 _hNR44, 152M8
_cTEXL
_2CC
999 _c308664
_d308664